000 01393nam a22001697a 4500
005 20251222151025.0
082 _a823 SUD
100 _aSudha Murty
_9315
245 _aGrandma's Bag of Stories
250 _a1
260 _aPenguin
_bHaryana
_c2015
300 _aPaperback ‏ : ‎ 176 pages
_bItem Weight ‏ : ‎ 1 kg 50 g Dimensions ‏ : ‎ 12.7 x 1.52 x 20.32 cm
520 _aMemories of a grandparent spinning tales around animals and mysterious characters have kept many of us rapt till date. Sudha Murty's Grandma’s Bag of Stories is simply delightful. The story starts with Anand, Krishna, Raghu and Meena arriving at their grandparents’ house in Shiggaon. Overjoyed Ajji and Ajja(Grandmother and grandfather in Kannada) get the house ready, while Ajji prepares delicious snacks for children. Finally, times comes when everyone gathers around Ajji, as she opens her big bag of stories. She tells stories of kings and cheats, princesses and onions, monkeys and mice and scorpions and hidden treasures. through unlikely in combination, stories makes perfect sense when Grandma is the one narrating them. This book is ideal for young children and those who are 5+ in age. Stories are accompanied by colourful illustrations and morals. Lucid and simple language of the book, makes reading a pleasure.
546 _aLanguage ‏ : ‎ English
650 _aGEN
_92
942 _cBK
999 _c38136
_d38136